| 000 | 00396nam a2200145Ia 4500 | ||
|---|---|---|---|
| 008 | 231217s9999 xx 000 0 und d | ||
| 041 | _aEnglish | ||
| 082 | _a001.6424UNI ROS `R' | ||
| 100 | _aRosen, Kenneth H. Host, Douglas A. Farber, James M. et al. | ||
| 245 | 0 | _aUnix : the complete reference | |
| 260 |
_c1999 _bNew Delhi : TMH, |
||
| 300 | _axlix+1302 | ||
| 650 | _aUnix | ||
| 942 | _cAA | ||
| 999 |
_c167280 _d167280 |
||